Implant restorations : (رقم التسجيلة. 79581)

تفاصيل مارك
000 -الفاتح
حقل البيانات ثابتة الطول 04463cam a22003498i 4500
001 - رقم الضبط
رقم الضبط 21147467
003 - محدد رقم الضبط
رقم الضبط MU
005 - وقت وتاريخ اخر تعامل مع التسجيلة
رقم الضبط 20211229011625.0
008 - عناصر البيانات ثابتة الطول - معلومات عامة
حقل البيانات ثابتة الطول 190809s2020 nju b 001 0 eng
020 ## - الرقم الدولى المعيارى للكتب
الرقم الدولى المعيارى للكتاب 9781119538110
Qualifying information (cloth)
040 ## - مصدر الفهرسة
وكالة الفهرسة الأصلية DNLM/DLC
لغة الفهرسة eng
قواعد الوصف rda
وكالة النسخ DLC
050 00 - رقم طلب مكتبة الكونجرس
رقم التصنيف RK667.I45
060 10 - رقم الطلب بالمكتبة الطبية الوطنية
رقم التصنيف WU 640
082 00 - رقم تصنيف ديوى العشرى
رقم التصنيف 617.692
رقم المادة DCI
رقم الطبعة 23
100 1# - المدخل الرئيسى - إسم شخصى
الإسم الشخصى Drago, Carl J.,
الدور author.
245 10 - بيان العنوان
العنوان Implant restorations :
بقية العنوان a step-by-step guide /
بيان المسئوليه,etc Carl Drago.
250 ## - بيان الطبعة
بيان الطبعة Fourth edition.
264 #1 - النشر, التوزيع, ETC. (IMPRINT)
مكان الناشر او الموزع RDA Hoboken, NJ :
اسم الناشر او الموزع RDA Wiley-Blackwell
تاريخ النشر أو التوزيع 2020.
300 ## - الوصف المادى
التعداد pages cm
504 ## - تبصرة ببليوجرافية
تبصرة ببليوجرافية,الخ Includes bibliographical references and index.
505 0# - تبصرة محتويات-الفهرس
تبصرة المحتويات المصاغة Introduction to implant dentistry -- Implants and implant restorative components -- Diagnosis and treatment planning in implant restorative dentistry -- Treatment of edentulous mandibular patients : (1) Implant-retained framework overdenture and resilient attachments : (2) Resilient attachments and two inter-foraminal implants -- Replacement of single teeth with CADCAM implant restorations : implant level impressions : intra-oral scanning : cement and screw-retained crowns -- Fixed dental prostheses : re-treatment of a patient with a fractured implant-retained fixed partial denture in the posterior maxilla-CADCAM abutments and a new fixed partial denture (cement retained) : intra-oral scanning and screw-retained fixed dental prosthesis (ISUS) -- Accelerated treatment protocol of a patient with edentulous jaws and CADCAM titanium framework/fixed hybrid prostheses -- Treatment of edentulous patients with immediate occlusal loading : conventional surgical and computer-generated surgical guides -- Treatment of edentulous patients with immediate occlusal loading : conventional surgical/prosthetic protocols -- Treatment of partially edentulous patients with immediate non-occlusal loading protocols (intra-oral scanning, CADCAM abutment and definitive maxillary central incisor restoration : co-axis implant and restoration -- Computed tomography (CT) guided surgery/immediate occlusal loading with full arch prostheses in edentulous patients -- Guidelines and maintenance procedures for fixed, full-arch, implant-retained prostheses.
650 12 - المدخل الاضافى بالموضوع-مصطلح موضوعى
مصطلح موضوعي أو اسم جغرافي كعنصر مدخل Dental Implantation, Endosseous
التقسيم الفرعي العام methods
650 22 - المدخل الاضافى بالموضوع-مصطلح موضوعى
مصطلح موضوعي أو اسم جغرافي كعنصر مدخل Dental Prosthesis
التقسيم الفرعي العام methods
650 22 - المدخل الاضافى بالموضوع-مصطلح موضوعى
مصطلح موضوعي أو اسم جغرافي كعنصر مدخل Surgery, Computer-Assisted
650 22 - المدخل الاضافى بالموضوع-مصطلح موضوعى
مصطلح موضوعي أو اسم جغرافي كعنصر مدخل Tomography, X-Ray Computed
650 22 - المدخل الاضافى بالموضوع-مصطلح موضوعى
مصطلح موضوعي أو اسم جغرافي كعنصر مدخل Computer-Aided Design
952 ## - LOCATION AND ITEM INFORMATION (KOHA)
نوع المادة فى نظام كوها كتاب
952 ## - LOCATION AND ITEM INFORMATION (KOHA)
نوع المادة فى نظام كوها كتاب
952 ## - LOCATION AND ITEM INFORMATION (KOHA)
نوع المادة فى نظام كوها كتاب
952 ## - LOCATION AND ITEM INFORMATION (KOHA)
نوع المادة فى نظام كوها كتاب
520 ## - التبصرة الخاصة بالتعليق أو التلخيص
ملخص,الخ "The fourth edition of Implant Restorations: A Step-by-Step Guide provides a wealth of updated and expanded coverage on detailed procedures for restoring dental implants. Focusing on the most common treatment scenarios, it offers concise literature reviews for each chapter, easy-to-follow descriptions of the techniques, along with high-quality clinical photographs demonstrating each step. Comprehensive throughout, this practical guide begins with introductory information on incorporating implant restorative dentistry in clinical practice. It covers diagnosis and treatment planning and digital dentistry, and addresses advances in cone beam computerized tomography (CBCT), treatment planning software, computer generated surgical guides, rapid prototype printing and impression-less implant restorative treatments, intra-oral scanning, laser sintering, and printing/milling polymer materials. Record-keeping, patient compliance, hygiene regimes, and follow-up are also covered. Provides an accessible step-by-step guide to commonly encountered treatment scenarios, describing procedures and techniques in an easy-to-follow, highly illustrated format offers new chapters on diagnosis and treatment planning and digital dentistry covers advances in cone beam computerized tomography (CBCT), computer generated surgical guides, intra-oral scanning, laser sintering, and more An excellent and accessible guide on a burgeoning subject in modern dental practice by one of its most experienced clinicians, Implant Restorations: A Step-by-Step Guide, Fourth Edition will appeal to prosthodontists, general dentists, implant surgeons, dental students, dental assistants, hygienists, and dental laboratory technicians"--
776 08 - مدخل الشكل المادى الاضافى
نص العرض Online version:
رأس المدخل الرئيسي Drago, Carl J.,
العنوان Implant restorations
الطبعة Fourth edition.
الناشر و مكان و تاريخ النشر Hoboken, NJ : Wiley-Blackwell, 2020
الرقم الدولى المعيارى للكتاب 9781119538134
رقم ضبط التسجيلة (DLC) 2019034998
942 ## -
-- ddc
-- BOOK
906 ## - عنصر بيانات محلى F, LDF (RLIN)
a 7
b cbc
c orignew
d 1
e ecip
f 20
g y-gencatlg
المقتنيات
حالة الفقد نموذج السعر الفعال حالة تلف ليس للاعارة تاريخ الاكتساب رقم الطلب تاريخ الاكتساب الموقع الحالي الباركود الفرع الرئيسي Date last seen مصدر التصنيف او خطة الترفيف Total Checkouts
  2021-12-29     2021-12-29 617.692 DCI 2021-12-29 AMF 00168308 مكتبة كلية العلوم الطبية التطبيقية بالمجمعة - طالبات (AMF) 2021-12-29 Dewey Decimal Classification  
  2021-12-29     2021-12-29 617.692 DCI 2021-12-29 CL 00168305 المكتبة المركزية بالمجمعة (CL) 2021-12-29 Dewey Decimal Classification  
  2021-12-29     2021-12-29 617.692 DCI 2021-12-29 CL 00168306 المكتبة المركزية بالمجمعة (CL) 2021-12-29 Dewey Decimal Classification  
  2021-12-29     2021-12-29 617.692 DCI 2021-12-29 CL 00168307 المكتبة المركزية بالمجمعة (CL) 2021-12-29 Dewey Decimal Classification